| 000 | 00557nam a22001577a 4500 | ||
|---|---|---|---|
| 005 | 20120519124316.0 | ||
| 020 |
_a8124107637 _c195.00 |
||
| 035 | _aB-29828 | ||
| 037 |
_aDPL _bENG |
||
| 100 |
_aChelliah, Raja J. _947463 |
||
| 245 |
_aPrimer on value added tax / _cby Raja J. Chelliah etc. |
||
| 260 |
_aNew Delhi _bHar-Anand Publications _c2001 |
||
| 300 |
_a108p. _c22 cms. |
||
| 942 |
_2ddc _cEN _h336.2714 _mCHE |
||
| 999 |
_c66907 _d66907 |
||